000 01031nam a2200325 a 4500
001
003 DO-SdBPM
005 20260506123702.0
008 100824s2002 sp 001 0 spa d
020 _a 8432302473
040 _aDO-SdBPM
_bspa
_cBPMSU
_erda
049 _a
082 _a370.115
_bF866e 2002
_222
100 1 _a Freire, Paulo
_eautor
_4aut.
245 1 0 _aLa educación como práctica de la libertad /
_c Paulo Freire
260 _a
_b
_c
264 _aMadrid :
_bSiglo Veintiuno de España Editores
_c2002
300 _a 151 páginas ;
_c20 cm.
336 _atexto
_btxt
_2rdacontent
337 _asin mediación
_bn
_2rdamedia
338 _avolumen
_bnc
_2rdacarrier
500 _aIncluye datos biográficos del autor en al contracubierta
590 _aInventariado, 2026/VM
590 _6Inventariado, 2026/VM
650 7 _aPedagogía crítica
650 7 _aSociología de la educación
_z
650 4 _aPedagogía social.
910 _aVMateo V.Control de calidad. BPMSU
942 _2ddc
_cBK
999 _c15821
_d15821